| 000 | 00720nam a2200229Ia 4500 | ||
|---|---|---|---|
| 003 | GCL | ||
| 008 | 140319s9999 xx 000 0 eng d | ||
| 020 | _a0 85199 589 6 | ||
| 040 |
_aGCL / _cGCL |
||
| 082 | 0 | 4 |
_a333.783 _bE T |
| 100 | 1 | _aEAGLES, PAUL F.J | |
| 245 | 1 | 0 |
_aTOURISM IN NATIONAL PARKS AND PROTECTED AREAS : _bPLANNING AND MANAGEMENT / _cEAGLES, PAUL F.J |
| 700 | 1 | _aMcCOOL, STEPHEN F. | |
| 260 |
_aنيويورك : _bCABI PUBLISHING |
||
| 300 |
_a24 CM ؛ _c321 P |
||
| 650 | 0 | 4 | _aNATIONAL PARKS AND RESERVES |
| 650 | 0 | 4 | _aTOURISM - MANAGEMENT |
| 650 | 0 | 4 | _aNATIONAL PARKS AND RESERVES - PUBLIC USE |
| 650 | 0 | 4 | _aPROTECTED AREAS - PUBLIC |
| 650 | 0 | 4 | _aPROTECTED AREAS - MANAGEMENT |
| 942 |
_2ddc _cBK |
||
| 999 |
_c5720 _d5720 |
||